[Event "Niksic"]
[Site "Niksic"]
[Date "1994.??.??"]
[Round "?"]
[White "Velimirovic, Dragoljub"]
[Black "Pajkovic, Vladimir"]
[Result "1-0"]
[WhiteElo "2530"]
[BlackElo "2430"]
[PlyCount "83"]
[EventDate "1994.??.??"]
[EventType "tourn"]
[EventRounds "11"]
[EventCountry "YUG"]
[Source "ChessBase"]
[SourceDate "1997.11.17"]
[WhiteTeamCountry "YUG"]
[BlackTeamCountry "YUG"]

1. e4 Nf6 2. e5 Nd5 3. c4 Nb6 4. d4 d6 5. f4 Bf5 6. Nc3 e6 7. Nf3 dxe5 8. fxe5
Bb4 9. Bd3 c5 10. O-O cxd4 11. Ne4 Qc7 12. Bd2 Bxe4 13. Bxb4 Bxd3 14. Qxd3 Qxc4
15. Qxc4 Nxc4 16. Rac1 Nb6 17. Nxd4 Nc6 18. Nxc6 bxc6 19. Rxc6 Rc8 20. Rxc8+
Nxc8 21. Rf3 h5 22. h4 Rh6 23. Rg3 Rg6 24. Rxg6 fxg6 25. Kf2 Nb6 26. Bc5 Nc4
27. Bd4 a6 28. Ke2 Kd7 29. Kd3 Na5 30. Bc3 Nb7 31. Ke4 Nd8 32. Bb4 g5 33. hxg5
g6 34. a4 Nc6 35. Bc5 a5 36. Bd6 Kc8 37. Kd3 Kb7 38. Kc4 Kb6 39. Bc5+ Ka6 40.
Bd4 Nd8 41. Kc5 Nf7 42. Kc6 1-0

[Event "Niksic"]
[Site "Niksic"]
[Date "1994.??.??"]
[Round "?"]
[White "Vukovic, Zdravko"]
[Black "Velimirovic, Dragoljub"]
[Result "1/2-1/2"]
[WhiteElo "2410"]
[BlackElo "2530"]
[PlyCount "22"]
[EventDate "1994.??.??"]
[EventType "tourn"]
[EventRounds "11"]
[EventCountry "YUG"]
[Source "ChessBase"]
[SourceDate "1997.11.17"]
[WhiteTeamCountry "YUG"]
[BlackTeamCountry "YUG"]

1. e4 b6 2. d4 Bb7 3. Nc3 e6 4. Nf3 Bb4 5. Bd3 Nf6 6. Qe2 d5 7. exd5 Qxd5 8.
O-O Bxc3 9. bxc3 Qh5 10. c4 Nbd7 11. Bf4 c5 1/2-1/2

[Event "Sveti Sava"]
[Site "Sveti Sava"]
[Date "1994.??.??"]
[Round "?"]
[White "Velimirovic, Dragoljub"]
[Black "Ivanovic, Bozidar"]
[Result "0-1"]
[WhiteElo "2490"]
[BlackElo "2480"]
[PlyCount "78"]
[EventDate "1994.??.??"]
[EventType "swiss"]
[EventRounds "5"]
[EventCountry "YUG"]
[Source "ChessBase"]
[SourceDate "1999.11.16"]
[WhiteTeamCountry "YUG"]
[BlackTeamCountry "YUG"]

1. e4 c5 2. Nf3 Nc6 3. d4 cxd4 4. Nxd4 e5 5. Nb5 d6 6. c4 Be6 7. N1c3 a6 8. Na3
Be7 9. Nd5 Rc8 10. Be3 Bg5 11. Bb6 Qd7 12. Be2 Bd8 13. O-O Nf6 14. Bxd8 Qxd8
15. Nxf6+ Qxf6 16. Qxd6 Rd8 17. Qc5 Rd2 18. Bd1 Qe7 19. Qe3 Rxb2 20. c5 O-O 21.
Bb3 Bxb3 22. Qc3 Rxa2 23. Qxb3 Rxa1 24. Rxa1 Rd8 25. h3 h6 26. Rb1 Rd7 27. Qb6
Qh4 28. Nc4 Qxe4 29. Nd6 Qc2 30. Nxb7 Nd4 31. Nd6 Kh7 32. f3 f5 33. Qb4 Rc7 34.
Nc4 Rxc5 35. Qxc5 Qxb1+ 36. Kh2 Qc2 37. Qd5 Qa2 38. Kg3 Ne2+ 39. Kh2 Nf4 0-1

[Event "YUG-chT Cup"]
[Site "Becici"]
[Date "1994.??.??"]
[Round "?"]
[White "Damljanovic, Branko"]
[Black "Velimirovic, Dragoljub"]
[Result "0-1"]
[WhiteElo "2560"]
[BlackElo "2490"]
[PlyCount "106"]
[EventDate "1994.??.??"]
[EventType "team"]
[EventRounds "6"]
[EventCountry "YUG"]
[Source "ChessBase"]
[SourceDate "1999.11.16"]
[WhiteTeamCountry "YUG"]
[BlackTeamCountry "YUG"]

1. Nf3 c5 2. c4 g6 3. d4 cxd4 4. Nxd4 Nc6 5. e4 Bg7 6. Be3 Nf6 7. Nc3 Ng4 8.
Qxg4 Nxd4 9. Qd1 Ne6 10. Qd2 d6 11. Rc1 Bd7 12. Be2 O-O 13. f3 a5 14. b3 Bc6
15. O-O Nc5 16. Rfd1 Qb6 17. Nb5 Rfc8 18. Qe1 Bxb5 19. cxb5 Bh6 20. Bf1 Bxe3+
21. Qxe3 Na4 22. Qxb6 Nxb6 23. a4 Kf8 24. Kf2 Ke8 25. Ke3 Kd7 26. Bd3 e6 27.
Kd2 d5 28. e5 Kd8 29. f4 Nd7 30. Rxc8+ Rxc8 31. Bc2 Kc7 32. Rf1 Kb6 33. Rf3 h5
34. g3 d4 35. Bd1 Kc5 36. Rd3 Nb6 37. Bf3 Nd5 38. Ke2 h4 39. Rd2 hxg3 40. hxg3
Rh8 41. Bg2 b6 42. Kd3 Ne3 43. Bc6 Rh3 44. Rf2 Rxg3 45. Rf3 Rxf3 46. Bxf3 Nd5
47. Ke4 Kb4 48. Kxd4 Nxf4 49. Bd1 g5 50. Bc2 g4 51. Ke3 g3 52. Kf3 g2 53. Kf2
Kc3 0-1

[Event "YUG-chT Cup"]
[Site "Becici"]
[Date "1994.??.??"]
[Round "?"]
[White "Jovic, Ljubomir"]
[Black "Velimirovic, Dragoljub"]
[Result "1/2-1/2"]
[WhiteElo "2345"]
[BlackElo "2490"]
[PlyCount "122"]
[EventDate "1994.??.??"]
[EventType "team"]
[EventRounds "6"]
[EventCountry "YUG"]
[Source "ChessBase"]
[SourceDate "1999.11.16"]
[WhiteTeamCountry "YUG"]
[BlackTeamCountry "YUG"]

1. e4 c5 2. Nc3 Nc6 3. g3 g6 4. Bg2 Bg7 5. f4 d6 6. Nd5 e6 7. Ne3 Nge7 8. d3
O-O 9. Nf3 f5 10. O-O d5 11. e5 b5 12. a4 b4 13. b3 Na5 14. Qe1 Qb6 15. Bd2 Rb8
16. Rb1 Rd8 17. h3 Bb7 18. Kh1 d4 19. Nd1 Nd5 20. g4 fxg4 21. hxg4 Nc3 22. Bxc3
bxc3 23. Nf2 Rf8 24. Nh3 Nc6 25. Nfg5 Nb4 26. Rc1 Bxg2+ 27. Kxg2 Nd5 28. Rf3 h6
29. Ne4 Qc6 30. Qg3 c4 31. bxc4 Ne3+ 32. Rxe3 dxe3 33. Qxe3 Qxa4 34. Nxc3 Qc6+
35. Ne4 a5 36. g5 a4 37. gxh6 Bxh6 38. Qf3 Kg7 39. Neg5 Qa6 40. Qg4 Rf5 41. Nf3
Rh5 42. Nd4 Re8 43. Ra1 Kh8 44. Kf1 Rf8 45. Ke2 a3 46. Nf2 a2 47. Nb3 Qa3 48.
Qxe6 Qb2 49. Qf6+ Kh7 50. Ng4 Rh3 51. Kd2 Bg7 52. Qe6 Rxd3+ 53. Kxd3 Ra8 54.
Ke3 Qc3+ 55. Ke2 Qxc2+ 56. Kf3 Qxb3+ 57. Ne3 Qb7+ 58. Nd5 Qb3+ 59. Ne3 Qb7+ 60.
Nd5 Qb3+ 61. Ne3 Qxe3+ 1/2-1/2

[Event "YUG-chT Cup"]
[Site "Becici"]
[Date "1994.??.??"]
[Round "?"]
[White "Rajkovic, Dusan"]
[Black "Velimirovic, Dragoljub"]
[Result "0-1"]
[WhiteElo "2475"]
[BlackElo "2490"]
[PlyCount "102"]
[EventDate "1994.??.??"]
[EventType "team"]
[EventRounds "6"]
[EventCountry "YUG"]
[Source "ChessBase"]
[SourceDate "1999.11.16"]
[WhiteTeamCountry "YUG"]
[BlackTeamCountry "YUG"]

1. d4 Nf6 2. c4 c5 3. d5 g6 4. Nc3 Bg7 5. e4 d6 6. f3 O-O 7. Bg5 Qa5 8. Qd2 a6
9. Nd1 Qc7 10. a4 e6 11. Ne2 exd5 12. cxd5 Nbd7 13. Nec3 Re8 14. Bh6 Bh8 15.
Ne3 Ne5 16. Be2 c4 17. Nc2 Nfd7 18. O-O Nc5 19. Ra2 Ned3 20. Bxd3 Nxd3 21. Be3
b6 22. Nd4 Bd7 23. Rb1 f5 24. Kh1 fxe4 25. Nxe4 Nc5 26. Nc3 Rac8 27. h3 Nb3 28.
Nxb3 cxb3 29. Ra3 Bf5 30. Rc1 Qc4 31. Qf2 Bc2 32. Bh6 Qb4 33. Raa1 Bxc3 34.
bxc3 Qxc3 35. Rab1 b2 36. Rxc2 Qxc2 37. Rxb2 Qxf2 38. Rxf2 Rc5 39. Rb2 Rb8 40.
Rd2 b5 41. Bf4 Rd8 42. Be3 Rc3 43. Bd4 Rc1+ 44. Kh2 bxa4 45. Rb2 Rc4 46. Bf6
Rd7 47. Rb6 a5 48. Ra6 Kf7 49. Bg5 Rc5 50. Bd2 Rxd5 51. Bxa5 Rd4 0-1

[Event "YUG-chT Cup"]
[Site "Becici"]
[Date "1994.??.??"]
[Round "?"]
[White "Velimirovic, Dragoljub"]
[Black "Filipovic, Branko"]
[Result "1-0"]
[WhiteElo "2490"]
[BlackElo "2405"]
[PlyCount "83"]
[EventDate "1994.??.??"]
[EventType "team"]
[EventRounds "6"]
[EventCountry "YUG"]
[Source "ChessBase"]
[SourceDate "1999.11.16"]
[WhiteTeamCountry "YUG"]
[BlackTeamCountry "YUG"]

1. e4 b6 2. d4 Bb7 3. f3 e6 4. Be3 d5 5. e5 c5 6. c3 f6 7. Nh3 fxe5 8. dxe5 Nc6
9. Bb5 Qc7 10. O-O O-O-O 11. Re1 Nh6 12. Bg5 Re8 13. c4 d4 14. Nd2 Nf7 15. Bf4
h6 16. Bg3 g5 17. Nf2 h5 18. h3 Be7 19. Nde4 Reg8 20. Nd3 g4 21. fxg4 hxg4 22.
hxg4 Ng5 23. Nd6+ Bxd6 24. exd6 Qh7 25. Nf2 Rf8 26. d7+ Kd8 27. Qd2 Qh6 28. Qe2
d3 29. Qe3 Nd4 30. Bc7+ Kxc7 31. Qe5+ Kd8 32. Qb8+ Ke7 33. d8=Q+ Rxd8 34. Qxb7+
Kd6 35. b4 Qh2+ 36. Kf1 Rhf8 37. bxc5+ Kxc5 38. Qe7+ Rd6 39. Qxf8 Nc2 40. Nxd3+
Kd4 41. Qf2+ Kc3 42. Rac1 1-0

[Event "YUG-chT Cup"]
[Site "Becici"]
[Date "1994.??.??"]
[Round "?"]
[White "Velimirovic, Dragoljub"]
[Black "Kupreichik, Viktor"]
[Result "0-1"]
[WhiteElo "2490"]
[BlackElo "2515"]
[PlyCount "51"]
[EventDate "1994.??.??"]
[EventType "team"]
[EventRounds "6"]
[EventCountry "YUG"]
[Source "ChessBase"]
[SourceDate "1999.11.16"]
[WhiteTeamCountry "YUG"]
[BlackTeamCountry "YUG"]

1. e4 Nf6 2. e5 Nd5 3. c4 Nb6 4. d4 d6 5. f4 dxe5 6. fxe5 Nc6 7. Be3 Bf5 8. Nc3
e6 9. Nf3 Qd7 10. Rc1 Bg4 11. c5 Nd5 12. Nxd5 Qxd5 13. Bc4 Qe4 14. Qd2 Bxf3 15.
gxf3 Qxf3 16. Rf1 Qh5 17. Rc3 O-O-O 18. Qf2 Be7 19. Qxf7 Qxh2 20. Qxe6+ Kb8 21.
Rb3 Qg2 22. Rf2 Qe4 23. Rf4 Bh4+ 24. Kd1 Qb1+ 25. Kd2 Nb4 26. Rxb4 0-1

[Event "YUG-chT Cup"]
[Site "Becici"]
[Date "1994.??.??"]
[Round "?"]
[White "Velimirovic, Dragoljub"]
[Black "Simic, Radoslav"]
[Result "0-1"]
[WhiteElo "2490"]
[BlackElo "2495"]
[PlyCount "102"]
[EventDate "1994.??.??"]
[EventType "team"]
[EventRounds "6"]
[EventCountry "YUG"]
[Source "ChessBase"]
[SourceDate "1999.11.16"]
[WhiteTeamCountry "YUG"]
[BlackTeamCountry "YUG"]

1. e4 c5 2. Nf3 Nc6 3. d4 cxd4 4. Nxd4 e5 5. Nb5 d6 6. N1c3 a6 7. Na3 b5 8. Nd5
Be7 9. c4 b4 10. Nc2 Rb8 11. Qd3 Nf6 12. Nxe7 Qxe7 13. Bg5 O-O 14. Rd1 b3 15.
axb3 Be6 16. Be2 Na5 17. Na1 Rfc8 18. O-O h6 19. Bxf6 Qxf6 20. Qxd6 Nc6 21. Rd3
Nd4 22. Bd1 Rd8 23. Qc5 Qf4 24. Re3 a5 25. g3 Qf6 26. Kg2 a4 27. bxa4 Rxb2 28.
Nb3 Bh3+ 29. Kxh3 Ne6 30. Rf3 Ng5+ 31. Kg2 Nxf3 32. Bxf3 Rxb3 33. Bg4 g6 34.
Rd1 Rxd1 35. Bxd1 Rd3 36. Be2 Rd2 37. Bf1 Qd6 38. Qe3 Qd4 39. Qf3 Kg7 40. g4
Ra2 41. h4 Rxa4 42. g5 hxg5 43. hxg5 Qd8 44. Qg3 Ra5 45. Qe3 Ra2 46. c5 Rc2 47.
Bb5 Qa5 48. Qd3 Rxc5 49. Bc4 Qc7 50. Bd5 Rc3 51. Qd2 Qc8 0-1

[Event "YUG-ch"]
[Site "Tivat"]
[Date "1994.??.??"]
[Round "1"]
[White "Velimirovic, Dragoljub"]
[Black "Vukic, Milan"]
[Result "0-1"]
[WhiteElo "2490"]
[BlackElo "2425"]
[PlyCount "64"]
[EventDate "1994.03.??"]
[EventType "tourn"]
[EventRounds "13"]
[EventCountry "YUG"]
[EventCategory "10"]
[Source "ChessBase"]
[SourceDate "1994.12.01"]
[WhiteTeamCountry "YUG"]
[BlackTeamCountry "YUG"]

1. e4 c5 2. Nf3 e6 3. d4 cxd4 4. Nxd4 Nf6 5. Nc3 Nc6 6. Ndb5 d6 7. Bf4 e5 8.
Bg5 a6 9. Na3 b5 10. Bxf6 gxf6 11. Nd5 f5 12. c3 Bg7 13. exf5 Bxf5 14. Nc2 O-O
15. Nce3 Be6 16. Bd3 f5 17. Qh5 e4 18. Bc2 Ne5 19. O-O-O Nd3+ 20. Rxd3 exd3 21.
Bxd3 h6 22. f4 Ra7 23. Bxf5 Bf7 24. Qh3 Re8 25. g4 b4 26. Nxb4 Qa5 27. Bd3 Rc7
28. Kd2 d5 29. Nf5 d4 30. Nxg7 dxc3+ 31. bxc3 Qc5 32. Nf5 Qxc3+ 0-1

[Event "YUG-ch"]
[Site "Tivat"]
[Date "1994.??.??"]
[Round "3"]
[White "Velimirovic, Dragoljub"]
[Black "Kosic, Dragan"]
[Result "0-1"]
[WhiteElo "2490"]
[BlackElo "2515"]
[PlyCount "128"]
[EventDate "1994.03.??"]
[EventType "tourn"]
[EventRounds "13"]
[EventCountry "YUG"]
[EventCategory "10"]
[Source "ChessBase"]
[SourceDate "1994.12.01"]
[WhiteTeamCountry "YUG"]
[BlackTeamCountry "YUG"]

1. e4 c5 2. Nf3 Nc6 3. d4 cxd4 4. Nxd4 e5 5. Nb5 d6 6. N1c3 a6 7. Na3 b5 8. Nd5
Nf6 9. Be3 Rb8 10. Nxf6+ Qxf6 11. c4 b4 12. Nc2 Qg6 13. Qd5 Bb7 14. Qd2 Be7 15.
Bd3 O-O 16. f3 a5 17. b3 Bc8 18. O-O Kh8 19. f4 exf4 20. Bxf4 Ne5 21. Ne3 Bf6
22. Bc2 Bb7 23. Nd5 Bxd5 24. exd5 Qg4 25. Rae1 Rbe8 26. Re3 g6 27. Bh6 Bg5 28.
h3 Bxe3+ 29. Qxe3 Qc8 30. Bxf8 Rxf8 31. Re1 f6 32. Kh1 Qc7 33. Qh6 Kg8 34. Rf1
Qc5 35. Qf4 Kg7 36. Bd1 Rf7 37. Bg4 f5 38. Be2 h6 39. Bd1 Nd7 40. Qd2 Ne5 41.
Bc2 Qa7 42. Kh2 Re7 43. Ra1 Qc5 44. Re1 f4 45. Kh1 Rf7 46. Bd1 a4 47. Bg4 a3
48. Re4 g5 49. Qe2 Kg6 50. Qc2 Kg7 51. Bh5 Rf6 52. Qe2 Qc7 53. Qe1 Qc5 54. Kh2
Qb6 55. Bg4 Qc5 56. Qe2 Qc7 57. Be6 f3 58. gxf3 Nxf3+ 59. Kh1 Qc5 60. Re3 Ne5
61. Bg4 Qd4 62. Kh2 Ng6 63. Qe1 Qb2+ 64. Kh1 Qxa2 0-1

[Event "YUG-ch"]
[Site "Tivat"]
[Date "1994.??.??"]
[Round "4"]
[White "Barlov, Dragan"]
[Black "Velimirovic, Dragoljub"]
[Result "1-0"]
[WhiteElo "2500"]
[BlackElo "2490"]
[Annotator "Wedberg"]
[PlyCount "129"]
[EventDate "1994.03.??"]
[EventType "tourn"]
[EventRounds "13"]
[EventCountry "YUG"]
[EventCategory "10"]
[Source "ChessBase"]
[SourceDate "1994.12.01"]
[WhiteTeamCountry "YUG"]
[BlackTeamCountry "YUG"]

1. e4 {Ernst} e5 2. Nf3 Nc6 3. Bb5 Bb4 4. c3 Ba5 5. Na3 Bb6 6. Nc4 Nf6 (6... d6
7. O-O Nf6 (7... Nge7 8. a4 Be6 (8... O-O 9. d3 {/\ 10.Bc6 Nc6 11.a5} (9. a5 $6
Nxa5 $1 10. Nxa5 Bxa5 11. Rxa5 c6 $13) (9. Bxc6 $6 Nxc6 10. a5 Be6 $10) 9...
Be6 (9... d5 10. exd5 Qxd5 11. Re1 Bg4 12. h3 Bxf3 13. Qxf3 Qxf3 14. gxf3 f6
15. a5 Bc5 16. b4 Bxb4 17. Bxc6 Bxc3 18. Bxb7 Rab8 19. a6 Rfd8 20. Be3 $16 {
Hellers-Hector/Haninge/1990/}) 10. Nxb6 axb6 11. Ng5 Bc8 12. f4 $1 $16 {
Hellers,F-Hector,J/Rilton Cup/1990-91/}) 9. d4 $14) 8. d4 exd4 9. cxd4 O-O 10.
Bg5 h6 11. Bh4 Bg4 12. Bxc6 bxc6 13. e5 dxe5 14. Ncxe5 $16 {
Schüssler,H-Lukez,F/Helsingborg/1990}) 7. d3 {/\a4-a5} (7. d4 {Ernst} Nxe4 8.
Nxb6 axb6 9. dxe5 d5 10. exd6 Nxd6 $14 {Psakhis,L-Berkovich,MA/Tel Aviv/1992/})
7... d6 8. a4 a6 9. Nxb6 cxb6 10. Bc4 $14 h6 11. h3 O-O 12. O-O Re8 13. Re1 (
13. Bb3 Be6 14. Bc2 d5 15. Qe2 (15. exd5 Qxd5 $10) 15... d4 $10) 13... Be6 14.
Bxe6 Rxe6 (14... fxe6 15. d4 $16) 15. Nh4 (15. d4 $2 exd4 16. Nxd4 Rxe4 $15)
15... d5 16. Qf3 Ne7 17. Be3 Qc7 18. Nf5 dxe4 19. dxe4 Nxf5 (19... Qc6 $5) 20.
exf5 $1 Rd6 21. Qg3 $2 (21. c4 $5 Qxc4 22. Qxb7 Qd5 23. Qxd5 Nxd5 24. Bd2 $14)
21... Re8 22. Rad1 (22. Bxh6 $4 Nh5 $19) 22... Rxd1 23. Rxd1 Qc6 $1 $15 24. Qh4
a5 25. Rd3 Kh7 26. Kh2 Re7 (26... Nd5 {Ernst} 27. Qe4 Nxe3 28. Qxc6 Nf1+ 29.
Kg1 bxc6 30. Kxf1 $16) 27. Rd8 e4 28. Rd4 Re5 29. g4 Nd5 30. Qg3 Re8 31. Bc1 f6
32. Bd2 Re5 33. Be3 b5 34. axb5 Qxb5 35. Bc1 Qf1 36. Qg1 Qe2 37. Rd2 Qb5 38.
Rd4 Qc5 39. Qd1 e3 (39... b5 $15) 40. fxe3 Nxe3 41. Qd3 Qc7 (41... Nd5 $13) 42.
Kg1 Qe7 43. Rd7 Qc5 44. Qd4 $16 Qc6 $2 (44... b6 $10) 45. Bxe3 Rxe3 46. Rxg7+
Kxg7 47. Qxe3 Qb5 $2 48. Qe7+ Kg8 49. Qe6+ Kg7 50. Qe7+ Kg8 51. Qxf6 $18 Qxb2
52. Qg6+ Kf8 53. Qxh6+ Kf7 54. Qg6+ Kf8 55. Qf6+ Kg8 56. Qd8+ Kf7 57. Qd5+ Kg7
58. Qxa5 Qc1+ 59. Kf2 Qd2+ 60. Kf3 Qd3+ 61. Kf4 Qd2+ 62. Ke4 Qg2+ 63. Kd4 Qd2+
64. Kc4 Qe2+ 65. Kc5 1-0

[Event "YUG-ch"]
[Site "Tivat"]
[Date "1994.??.??"]
[Round "5"]
[White "Velimirovic, Dragoljub"]
[Black "Matulovic, Milan"]
[Result "1/2-1/2"]
[WhiteElo "2490"]
[BlackElo "2460"]
[Annotator "Ribli"]
[PlyCount "56"]
[EventDate "1994.03.??"]
[EventType "tourn"]
[EventRounds "13"]
[EventCountry "YUG"]
[EventCategory "10"]
[Source "ChessBase"]
[SourceDate "1994.12.01"]
[WhiteTeamCountry "YUG"]
[BlackTeamCountry "YUG"]

1. e4 c5 2. Nf3 Nc6 3. d4 cxd4 4. Nxd4 Qc7 5. Nc3 e6 6. Be2 a6 7. O-O Nf6 8.
Kh1 Nxd4 9. Qxd4 Bc5 10. Qd3 b5 11. f4 h5 (11... Bb7 $13 {
Anand,V-Ribli,Z/Novi Sad ol/1990/INF50,209/}) 12. e5 Ng4 13. Qh3 Nh6 (13...
Nf2+ 14. Rxf2 Bxf2 15. Qf3 Qa7 16. Ne4 Bb6 17. a4 $16 {
Matanovic,A-Matulovic,M/Jugoslavija/1976/INF21,326/}) 14. Bf3 (14. Qxh5 $1 Bb7
15. Bf3 O-O-O 16. Bxb7+ Qxb7 17. Qf3 Nf5 18. h3 $1 (18. Qxb7+ Kxb7 19. Rf3 (19.
Ne4 $4 Rxh2+ $1) 19... Nd4 $15 {Matulovic,M}) 18... Qxf3 19. Rxf3 Nd4 20. Rd3
$14 {Van der Wiel,J-Meulders,R/Lyon zt/CBM 18/}) 14... Bb7 15. Ne4 (15. Qxh5 {
=14.Qh5}) 15... Be7 16. Nd6+ Bxd6 17. exd6 Qc4 $1 (17... Qb6 18. Bxb7 Qxb7 19.
Qxh5 O-O-O $13 {Rublevsky,S-Lanka,K/Jurmala/1991/CBM24/}) 18. Be3 Bxf3 19. Qxf3
O-O 20. Qxh5 (20. c3 Nf5 21. Bg1 g6 $13) 20... Qxc2 21. b4 (21. Rf3 Qf5 $5 22.
Qxf5 Nxf5 23. Bc5 Rfc8 24. b4 a5 $13) 21... Rfc8 22. a3 (22. Rf3 Qf5 $5 $13)
22... Nf5 23. Bc5 a5 24. Rac1 Qe4 25. Rce1 Qd5 26. Rd1 Qe4 $10 27. Rde1 Qd5 28.
Rd1 Qe4 1/2-1/2

[Event "YUG-ch"]
[Site "Tivat"]
[Date "1994.??.??"]
[Round "6"]
[White "Abramovic, Bosko"]
[Black "Velimirovic, Dragoljub"]
[Result "0-1"]
[WhiteElo "2500"]
[BlackElo "2490"]
[PlyCount "111"]
[EventDate "1994.03.??"]
[EventType "tourn"]
[EventRounds "13"]
[EventCountry "YUG"]
[EventCategory "10"]
[Source "ChessBase"]
[SourceDate "1994.12.01"]
[WhiteTeamCountry "YUG"]
[BlackTeamCountry "YUG"]

1. d4 c5 2. e3 Nf6 3. Nf3 b6 4. c4 g6 5. Nc3 Bg7 6. Be2 O-O 7. O-O d6 8. b3 Bb7
9. Bb2 Nbd7 10. Qd2 a6 11. Rfd1 Ne4 12. Nxe4 Bxe4 13. Ne1 Bb7 14. b4 Qc7 15.
Rab1 cxd4 16. exd4 a5 17. b5 d5 18. Rbc1 dxc4 19. Bxc4 Qd6 20. Qe3 Nf6 21. Ba3
Nd5 22. Qb3 a4 23. Qg3 Qf6 24. Nd3 Bh6 25. Bxd5 Bxd5 26. Nb4 Be4 27. Rc4 Bf4
28. Qh3 Bd6 29. d5 Bf5 30. Qe3 Bc5 31. Rxc5 bxc5 32. Nc6 Rfe8 33. Bxc5 e5 34.
b6 Bc8 35. d6 Bb7 36. Ne7+ Kg7 37. f4 Rad8 38. fxe5 Qe6 39. Rd2 Qc4 40. Bd4 f6
41. exf6+ Kf7 42. Be5 Rd7 43. h3 Qe4 44. Qc3 Red8 45. Qb2 Qe3+ 46. Kh2 a3 47.
Qd4 Qxd4 48. Rxd4 Ra8 49. Rc4 Ke6 50. Rc7 Rad8 51. Rc5 Be4 52. g4 Rb7 53. Bf4
Kxf6 54. g5+ Kf7 55. Nc6 Rf8 56. Nd4 0-1

[Event "YUG-ch"]
[Site "Tivat"]
[Date "1994.??.??"]
[Round "7"]
[White "Velimirovic, Dragoljub"]
[Black "Ivanovic, Bozidar"]
[Result "1/2-1/2"]
[WhiteElo "2490"]
[BlackElo "2480"]
[PlyCount "23"]
[EventDate "1994.03.??"]
[EventType "tourn"]
[EventRounds "13"]
[EventCountry "YUG"]
[EventCategory "10"]
[Source "ChessBase"]
[SourceDate "1994.12.01"]
[WhiteTeamCountry "YUG"]
[BlackTeamCountry "YUG"]

1. e4 e5 2. Nf3 Nc6 3. Bb5 a6 4. Ba4 Nf6 5. Bxc6 dxc6 6. d3 Nd7 7. Nbd2 Be7 8.
Nc4 Bf6 9. Bd2 O-O 10. Bc3 Re8 11. O-O b6 12. b4 1/2-1/2

[Event "YUG-ch"]
[Site "Tivat"]
[Date "1994.??.??"]
[Round "8"]
[White "Ilincic, Zlatko"]
[Black "Velimirovic, Dragoljub"]
[Result "1-0"]
[WhiteElo "2530"]
[BlackElo "2490"]
[PlyCount "127"]
[EventDate "1994.03.??"]
[EventType "tourn"]
[EventRounds "13"]
[EventCountry "YUG"]
[EventCategory "10"]
[Source "ChessBase"]
[SourceDate "1994.12.01"]
[WhiteTeamCountry "YUG"]
[BlackTeamCountry "YUG"]

1. d4 Nf6 2. c4 c5 3. d5 e6 4. Nc3 exd5 5. cxd5 d6 6. g3 g6 7. Bg2 Bg7 8. Nf3
O-O 9. O-O Nbd7 10. Nd2 Ne8 11. a4 Rb8 12. Qc2 a6 13. a5 Nc7 14. Nc4 Ne5 15.
Na3 f5 16. h3 g5 17. f4 gxf4 18. gxf4 Ng6 19. Kh2 Bd7 20. Rg1 Ne8 21. Nc4 Bb5
22. Nb6 Qh4 23. e3 Nf6 24. Bf3 Rbe8 25. Qg2 Bd3 26. Bd2 Rf7 27. Qg3 Rfe7 28.
Qxh4 Nxh4 29. Bh1 Kf7 30. Ra3 c4 31. Ra4 Rc7 32. Rb4 Ne4 33. Be1 Bf6 34. Nd1
Be2 35. Bxe4 fxe4 36. Bxh4 Bxh4 37. Nc3 Bd3 38. Nd1 Ree7 39. Na4 Kf6 40. Rb6
Rcd7 41. Nc5 Kf5 42. Nxd7 Rxd7 43. Rg8 Bd8 44. Rxd8 Rxd8 45. Rxb7 h5 46. Kg3
Rg8+ 47. Kh4 Rg2 48. Rf7+ Kg6 49. Rd7 Re2 50. Rxd6+ Kf5 51. Re6 c3 52. Re5+ Kg6
53. Nxc3 Rxe3 54. Rg5+ Kf6 55. Rxh5 Bf1 56. Re5 Bg2 57. d6 Rxh3+ 58. Kg4 Rd3
59. Nd5+ Kf7 60. d7 Bh3+ 61. Kg5 Bxd7 62. Re7+ Kf8 63. Rxd7 e3 64. Kf6 1-0

[Event "YUG-ch"]
[Site "Tivat"]
[Date "1994.??.??"]
[Round "9"]
[White "Velimirovic, Dragoljub"]
[Black "Nikolic, Zivoslav"]
[Result "1/2-1/2"]
[WhiteElo "2490"]
[BlackElo "2485"]
[PlyCount "110"]
[EventDate "1994.03.??"]
[EventType "tourn"]
[EventRounds "13"]
[EventCountry "YUG"]
[EventCategory "10"]
[Source "ChessBase"]
[SourceDate "1994.12.01"]
[WhiteTeamCountry "YUG"]
[BlackTeamCountry "YUG"]

1. e4 b6 2. d4 Bb7 3. f3 e6 4. c4 Bb4+ 5. Nc3 Ne7 6. Bd3 O-O 7. Nge2 d6 8. O-O
e5 9. Nd5 Ba5 10. Nxe7+ Qxe7 11. Kh1 c5 12. d5 Rc8 13. Ng3 g6 14. f4 exf4 15.
Bxf4 Nd7 16. Qg4 Kh8 17. Rf2 Re8 18. Raf1 f6 19. Ne2 Rf8 20. Qe6 Qxe6 21. dxe6
Ne5 22. Bxe5 dxe5 23. Rxf6 Rxf6 24. Rxf6 Re8 25. Ng1 Bc8 26. Nf3 Bxe6 27. Nxe5
Bd2 28. Rf2 Bc1 29. h3 Rd8 30. b3 Kg7 31. Rf3 Bb2 32. Nc6 Rd7 33. e5 Rc7 34.
Nd8 Bg8 35. Re3 Rc8 36. Nb7 Re8 37. Re2 Bxe5 38. Nd6 Re6 39. Nb5 a6 40. Na7 Bc7
41. Rxe6 Bxe6 42. Be4 Kf6 43. Kg1 Ke5 44. Bb7 Kd4 45. Bxa6 Kd3 46. Bc8 Bf7 47.
Kf2 Kc2 48. Ke2 Be8 49. Be6 Kb2 50. Kd3 g5 51. Bf5 h5 52. g4 h4 53. Be4 Kxa2
54. Kc2 Bd7 55. Bc6 Bb8 1/2-1/2

[Event "YUG-ch"]
[Site "Tivat"]
[Date "1994.??.??"]
[Round "10"]
[White "Miladinovic, Igor"]
[Black "Velimirovic, Dragoljub"]
[Result "1/2-1/2"]
[WhiteElo "2480"]
[BlackElo "2490"]
[PlyCount "161"]
[EventDate "1994.03.??"]
[EventType "tourn"]
[EventRounds "13"]
[EventCountry "YUG"]
[EventCategory "10"]
[Source "ChessBase"]
[SourceDate "1994.12.01"]
[WhiteTeamCountry "YUG"]
[BlackTeamCountry "YUG"]

1. d4 c5 2. e3 Nf6 3. Nf3 b6 4. Be2 g6 5. c4 Bg7 6. Nc3 O-O 7. O-O d6 8. b3 a6
9. Bb2 Nbd7 10. Qc2 Bb7 11. Rad1 Qc7 12. d5 Rfe8 13. a4 e5 14. dxe6 Rxe6 15.
Ng5 Re5 16. Nh3 Rae8 17. Nf4 Rf5 18. h4 Ne5 19. Ncd5 Qd8 20. g3 Nxd5 21. cxd5
Bc8 22. Kg2 h5 23. Rh1 Ng4 24. e4 Rxf4 25. gxf4 Bxb2 26. Qxb2 Rxe4 27. Bxg4
Bxg4 28. Rde1 Rxf4 29. Re3 Rd4 30. f3 Bf5 31. Qe2 Kg7 32. Re7 Qa8 33. Rd1 Qxd5
34. Rxd4 cxd4 35. Re8 Be6 36. Qd2 Qe5 37. Rd8 Bxb3 38. Qb4 Qe2+ 39. Kg3 Qe5+
40. Kg2 Be6 41. Rxd6 d3 42. Rd8 b5 43. axb5 axb5 44. Qf8+ Kf6 45. Rd4 Qe2+ 46.
Kg3 Qe1+ 47. Kg2 Qd2+ 48. Kg3 Qe1+ 49. Kg2 Qd2+ 50. Kg3 Qc1 51. Rf4+ Bf5 52.
Qh8+ Ke7 53. Qe5+ Kf8 54. Qh8+ Ke7 55. Qe5+ Be6 56. Qg5+ Ke8 57. Qxb5+ Kf8 58.
Qb4+ Kg7 59. Rd4 Qg1+ 60. Kf4 Qh2+ 61. Ke3 Qe2+ 62. Kf4 Qf2 63. Qc3 f6 64. Rxd3
Qxh4+ 65. Ke3 Qg5+ 66. Kf2 Qf4 67. Re3 Qh2+ 68. Ke1 Qh4+ 69. Kd1 Bf7 70. Re7
Qa4+ 71. Ke1 g5 72. Kf2 h4 73. Qc7 Kg6 74. Qd6 Qa2+ 75. Re2 Qa7+ 76. Kg2 Qb7
77. Kf2 Bc4 78. Rd2 Qa7+ 79. Qd4 Qc7 80. f4 Bf7 81. fxg5 1/2-1/2